Закон Ома и закон Джоуля-Ленца для электрических проводников со структурой гомогенных фракталов; Физико-технические проблемы в науке, промышленности и медицине

Detaylı Bibliyografya
Parent link:Физико-технические проблемы в науке, промышленности и медицине.— 2015.— [С. 135]
Yazar: Чуриков В. А. Виктор Анатольевич
Müşterek Yazar: Национальный исследовательский Томский политехнический университет (ТПУ) Физико-технический институт (ФТИ) Кафедра высшей математики (ВМ)
Özet:Заглавие с титульного экрана
Dil:Rusça
Baskı/Yayın Bilgisi: 2015
Seri Bilgileri:Математическое моделирование в фундаментальных и прикладных исследованиях
Konular:
Online Erişim:http://earchive.tpu.ru/handle/11683/17639
http://www.lib.tpu.ru/fulltext/c/2015/C49/107.pdf
Materyal Türü: Elektronik Kitap Bölümü
KOHA link:https://koha.lib.tpu.ru/cgi-bin/koha/opac-detail.pl?biblionumber=612702

MARC

LEADER 00000naa2a2200000 4500
001 612702
005 20231101132724.0
035 |a (RuTPU)RU\TPU\conf\10833 
035 |a RU\TPU\conf\10826 
090 |a 612702 
100 |a 20150624d2015 k y0rusy50 ca 
101 0 |a rus 
102 |a RU 
105 |a y z 101zy 
135 |a drgn ---uucaa 
181 0 |a i  
182 0 |a b 
200 1 |a Закон Ома и закон Джоуля-Ленца для электрических проводников со структурой гомогенных фракталов  |f В. А. Чуриков 
203 |a Текст  |c электронный 
225 1 |a Математическое моделирование в фундаментальных и прикладных исследованиях 
230 |a 1 компьютерный файл (pdf; 590 Кb) 
300 |a Заглавие с титульного экрана 
337 |a Adobe Reader 
463 0 |0 (RuTPU)RU\TPU\conf\10637  |t Физико-технические проблемы в науке, промышленности и медицине  |o сборник тезисов докладов VII Международной научно-практической конференции, г. Томск, 3-6 июня 2015 г.  |f Национальный исследовательский Томский политехнический университет (ТПУ) ; под ред. А. Н. Дьяченко [и др.]  |v [С. 135]  |d 2015 
610 1 |a труды учёных ТПУ 
610 1 |a электронный ресурс 
610 1 |a закон Ома 
610 1 |a закон Джоуля-Ленца 
610 1 |a электрические проводники 
610 1 |a гомогенные фракталы 
610 1 |a электрический ток 
700 1 |a Чуриков  |b В. А.  |c российский математик  |c доцент Томского политехнического университета, кандидат физико-математических наук  |f 1960-  |g Виктор Анатольевич  |2 stltpush  |3 (RuTPU)RU\TPU\pers\25597 
712 0 2 |a Национальный исследовательский Томский политехнический университет (ТПУ)  |b Физико-технический институт (ФТИ)  |b Кафедра высшей математики (ВМ)  |h 140  |2 stltpush  |3 (RuTPU)RU\TPU\col\18728 
801 2 |a RU  |b 63413507  |c 20210210  |g RCR 
856 4 |u http://earchive.tpu.ru/handle/11683/17639 
856 4 |u http://www.lib.tpu.ru/fulltext/c/2015/C49/107.pdf 
942 |c BK